000 01606cam a2200337 a 4500
999 _c226
_d226
001 14420769
003 OSt
005 20190802081510.0
008 060620s2007 nyua b 001 0ceng
010 _a 2006020466
020 _a0765616947 (cloth : alk. paper)
020 _a9780765616944
040 _aDLC
_cDLC
_dDLC
082 0 0 _a330.150 SKO
_222
100 1 _aSkousen, Mark.
_eauthor
245 1 4 _aThe big three in economics :
_bAdam Smith, Karl Marx, and John Maynard Keynes /
_cMark Skousen.
260 _aArmonk, New York
_bM.E. Sharpe,
_cc2007.
300 _axi, 243 p. :
_bill. ;
_c24 cm.
504 _aIncludes bibliographical references (219-230) and index.
505 0 _aAdam Smith declares an economic revolution in 1776 -- From Smith to Marx: the rise and fall of classical economics -- Karl Marx leads a revolt against capitalism -- From Marx to Keynes: scientific economics comes of age -- John Maynard Keynes: capitalism faces its greatest challenge -- Conclusion: has Adam Smith triumphed over Marx and Keynes?.
600 1 0 _aSmith, Adam,
_d1723-1790.
600 1 0 _aMarx, Karl,
_d1818-1883.
600 1 0 _aKeynes, John Maynard,
_d1883-1946.
650 0 _aEconomists
_xHistory.
650 0 _aEconomics
_xPhilosophy.
650 0 _aEconomists
_vBiography.
856 4 1 _3Table of contents only
_uhttp://www.loc.gov/catdir/toc/ecip0615/2006020466.html
906 _a7
_bcbc
_corignew
_d1
_eecip
_f20
_gy-gencatlg
942 _2ddc
_cNFIC